[Event "C.to Provinciale CO"]
[Site "Villa Guardia ITA"]
[Date "2000.02.18"]
[Round "6"]
[White "Zecca, Carlo"]
[Black "Petetta, Roberto"]
[Result "1-0"]
[WhiteElo "1500"]
[BlackElo "1627"]
[PlyCount "63"]
[EventDate "2000.01.14"]

1. e4 c5 2. Nf3 Nc6 3. d4 cxd4 4. Nxd4 Nf6 5. Nc3 e5 6. Ndb5 d6 7. Bg5 a6 8.
Na3 b5 9. Nd5 Be7 10. Bxf6 Bxf6 11. g3 Qa5+ 12. c3 Bd8 13. Bg2 O-O 14. O-O Bb7
15. Nc2 Bg5 16. f4 exf4 17. gxf4 Bh6 18. Nce3 g6 19. Qg4 Bg7 20. Qd7 Rab8 21.
Qxd6 Rbd8 22. Qc5 Rfe8 23. Ng4 Re6 24. Rfd1 Bf8 25. Qe3 b4 26. Qh3 Bg7 27. Qe3
f5 28. Nf2 fxe4 29. Nxe4 Kf8 30. Qc5+ Ke8 31. Qxa5 Nxa5 32. Nc7+ 1-0

[Event "C.to Provinciale CO"]
[Site "Villa Guardia ITA"]
[Date "2000.02.25"]
[Round "7"]
[White "Bevilacqua, Roberto"]
[Black "Coppola, Guido"]
[Result "1-0"]
[WhiteElo "2051"]
[BlackElo "1803"]
[PlyCount "31"]
[EventDate "2000.01.14"]

1. e4 c5 2. b4 cxb4 3. a3 e5 4. Bb2 Nc6 5. Nf3 Bc5 6. axb4 Qb6 7. bxc5 Qxb2 8.
Ra4 Nb4 9. Na3 Nf6 10. c3 d5 11. cxb4 Bd7 12. Bb5 Nxe4 13. Bxd7+ Kxd7 14. O-O
Rae8 15. Re1 f6 16. Rxe4 1-0

[Event "C.to Provinciale CO"]
[Site "Villa Guardia ITA"]
[Date "2000.02.25"]
[Round "7"]
[White "Buonocore, Elio"]
[Black "Perissinotto, Claudio"]
[Result "1-0"]
[WhiteElo "2093"]
[BlackElo "2130"]
[PlyCount "37"]
[EventDate "2000.01.14"]

1. e4 c5 2. c3 d5 3. exd5 Qxd5 4. d4 Nf6 5. Nf3 Bg4 6. Qa4+ Bd7 7. Qb3 cxd4 8.
Bc4 Qe4+ 9. Kf1 e6 10. Nbd2 Qc6 11. Nxd4 Qc7 12. N2f3 a6 13. Ng5 Nc6 14. Bxe6
Bxe6 15. Ndxe6 Qd6 16. Bf4 Qd3+ 17. Kg1 Nd5 18. Qxd5 Qxd5 19. Nc7+ 1-0

[Event "C.to Provinciale CO"]
[Site "Villa Guardia ITA"]
[Date "2000.02.25"]
[Round "7"]
[White "Cairoli, Camillo"]
[Black "Corti, Corrado"]
[Result "1-0"]
[WhiteElo "1918"]
[BlackElo "1795"]
[PlyCount "119"]
[EventDate "2000.01.14"]

1. d4 d5 2. Nf3 Nf6 3. c4 e6 4. Nc3 c6 5. Bg5 Be7 6. e3 Nbd7 7. Bd3 dxc4 8.
Bxc4 b6 9. Rc1 Bb7 10. O-O Nd5 11. Bxe7 Nxe7 12. Qe2 O-O 13. Rfd1 Ng6 14. e4
Qe7 15. Rd2 Rad8 16. a3 Rfe8 17. b4 Qf6 18. h3 e5 19. Qe3 exd4 20. Rxd4 Nde5
21. Rxd8 Rxd8 22. Nxe5 Qxe5 23. Ne2 h6 24. Bb3 Ba6 25. f4 Qd6 26. Rd1 Qe7 27.
Rxd8+ Qxd8 28. Nd4 c5 29. bxc5 bxc5 30. Nf3 Qd3 31. Kf2 Qf1+ 32. Kg3 h5 33. f5
c4 34. fxg6 cxb3 35. Qxb3 Qc4 36. Qb8+ Qc8 37. gxf7+ Kxf7 38. Qxc8 Bxc8 39. Kf4
Kf6 40. Nd4 g5+ 41. Ke3 Bb7 42. Nf3 g4 43. hxg4 hxg4 44. Nd2 Kg5 45. g3 Ba6 46.
Kd4 Kf6 47. Kd5 Ke7 48. Ke5 Be2 49. Nb3 a6 50. Nd4 Bd1 51. Nf5+ Kd7 52. Kf6 a5
53. e5 Bb3 54. Nd4 Bd1 55. e6+ Ke8 56. Nf5 Ba4 57. Nd6+ Kf8 58. e7+ Kg8 59.
e8=Q+ Bxe8 60. Nxe8 1-0

[Event "C.to Provinciale CO"]
[Site "Villa Guardia ITA"]
[Date "2000.02.25"]
[Round "7"]
[White "Corti, Filippo"]
[Black "Caprioglio, Marco"]
[Result "1-0"]
[WhiteElo "1615"]
[BlackElo "1600"]
[PlyCount "59"]
[EventDate "2000.01.14"]

1. Nf3 d5 2. g3 c5 3. Bg2 Nc6 4. d3 Nf6 5. O-O e6 6. Nbd2 g6 7. Re1 Bg7 8. c3
O-O 9. Qc2 b5 10. e4 Ng4 11. exd5 exd5 12. Nb3 Qb6 13. h3 Nf6 14. Be3 d4 15.
cxd4 Nb4 16. Qd2 c4 17. dxc4 bxc4 18. Nc5 Bf5 19. Rec1 Nd3 20. Nxd3 Bxd3 21.
Ne5 Rab8 22. Nxd3 cxd3 23. Rab1 Qe6 24. b3 Nd5 25. Qxd3 Rfc8 26. Rc5 Nb4 27.
Qd2 Rxc5 28. dxc5 Qf5 29. Rd1 Rc8 30. Qxb4 1-0

[Event "C.to Provinciale CO"]
[Site "Villa Guardia ITA"]
[Date "2000.02.25"]
[Round "7"]
[White "Gagliardi, Christian"]
[Black "Bellotto, Stefano"]
[Result "0-1"]
[WhiteElo "1918"]
[BlackElo "1701"]
[PlyCount "32"]
[EventDate "2000.01.14"]

1. e4 c6 2. d4 d5 3. e5 Bf5 4. Nc3 e6 5. g4 Bg6 6. Nge2 Bb4 7. Nf4 Be4 8. f3
Qh4+ 9. Ke2 Bg6 10. Ng2 Qd8 11. h4 h6 12. Nf4 Bh7 13. Be3 Qa5 14. Qd2 c5 15.
dxc5 Nc6 16. Kf2 d4 0-1

[Event "C.to Provinciale CO"]
[Site "Villa Guardia ITA"]
[Date "2000.02.25"]
[Round "7"]
[White "Guerrini, Donato"]
[Black "Pino, Nicola"]
[Result "0-1"]
[WhiteElo "1969"]
[BlackElo "1492"]
[PlyCount "40"]
[EventDate "2000.01.14"]

1. g4 d5 2. Bg2 Bxg4 3. c4 Nf6 4. Qb3 Qc8 5. cxd5 c6 6. Nc3 g6 7. d4 Bg7 8. Bf4
O-O 9. h3 Bd7 10. Rc1 e6 11. dxe6 fxe6 12. Nb5 Nd5 13. Bd6 Rf7 14. Bxd5 exd5
15. Nc7 Na6 16. Nxd5 Be6 17. e4 Qd7 18. Nb6 axb6 19. d5 cxd5 20. exd5 Qxd6 0-1

[Event "C.to Provinciale CO"]
[Site "Villa Guardia ITA"]
[Date "2000.02.25"]
[Round "7"]
[White "Liscio, Giovanni"]
[Black "Colombo, Alberto"]
[Result "1-0"]
[WhiteElo "1816"]
[BlackElo "2165"]
[PlyCount "59"]
[EventDate "2000.01.14"]

1. d4 Nf6 2. Nf3 d6 3. c4 g6 4. Nc3 Bg7 5. e4 O-O 6. Be2 e5 7. d5 Nbd7 8. O-O
a5 9. Ne1 Nc5 10. Bg5 h6 11. Bxf6 Qxf6 12. Bg4 Qh4 13. Bxc8 Raxc8 14. f3 f5 15.
Nd3 Nxd3 16. Qxd3 f4 17. a3 g5 18. b4 axb4 19. axb4 h5 20. c5 g4 21. Nb5 Rfd8
22. Ra7 dxc5 23. bxc5 Bf8 24. d6 c6 25. Rxb7 Qg5 26. Qc4+ Kh8 27. Qf7 Bg7 28.
Na7 gxf3 29. Rxf3 Ra8 30. Rh3 1-0

[Event "C.to Provinciale CO"]
[Site "Villa Guardia ITA"]
[Date "2000.02.25"]
[Round "7"]
[White "Orsenigo, Davide"]
[Black "Zecca, Carlo"]
[Result "1-0"]
[WhiteElo "1425"]
[BlackElo "1500"]
[PlyCount "49"]
[EventDate "2000.01.14"]

1. e4 d5 2. exd5 Qxd5 3. Nc3 Qd6 4. d4 Nf6 5. Nf3 c6 6. Be3 Bf5 7. Bd3 Bxd3 8.
Qxd3 Nbd7 9. O-O-O e6 10. Rhe1 Qc7 11. Bg5 Ng4 12. Qf5 Ngf6 13. d5 Qa5 14.
Rxe6+ fxe6 15. Qxe6+ Be7 16. d6 Qd8 17. Nd4 Rf8 18. Ne4 Rf7 19. Nf5 Nxe4 20.
Qxe4 Rxf5 21. dxe7 Qa5 22. Qe6 Rd5 23. Qg8+ Nf8 24. exf8=Q+ Kd7 25. Qgf7# 1-0

[Event "C.to Provinciale CO"]
[Site "Villa Guardia ITA"]
[Date "2000.02.25"]
[Round "7"]
[White "Regorda, Vittorio"]
[Black "Casoli, Alfredo"]
[Result "0-1"]
[WhiteElo "1573"]
[BlackElo "1639"]
[PlyCount "56"]
[EventDate "2000.01.14"]

1. d4 Nf6 2. c4 e6 3. g3 Bb4+ 4. Nd2 Nc6 5. Ngf3 Ne4 6. a3 Nxd2 7. Bxd2 Bxd2+
8. Qxd2 O-O 9. Bg2 Qf6 10. O-O d6 11. Rfe1 e5 12. d5 Ne7 13. Ng5 Qg6 14. Be4 f5
15. Bc2 h6 16. Nf3 Qf6 17. e3 b6 18. b4 Bb7 19. b5 a5 20. a4 Rae8 21. Nh4 g5
22. Ng2 Ng6 23. Bd1 e4 24. Bh5 Ne5 25. Be2 Nf3+ 26. Bxf3 exf3 27. Nf4 gxf4 28.
gxf4 Kh7 0-1

[Event "C.to Provinciale CO"]
[Site "Villa Guardia ITA"]
[Date "2000.02.25"]
[Round "7"]
[White "Revinelli, Sergio"]
[Black "Bernasconi, Roberto"]
[Result "1/2-1/2"]
[WhiteElo "1735"]
[BlackElo "1500"]
[PlyCount "64"]
[EventDate "2000.01.14"]

1. e4 e5 2. Nf3 Nf6 3. d4 Nxe4 4. Bd3 d5 5. dxe5 Be7 6. O-O Nc6 7. h3 Be6 8.
Re1 O-O 9. Qe2 Nc5 10. Bb5 a6 11. Bxc6 bxc6 12. Nd4 Qd7 13. Be3 f6 14. exf6
Bxf6 15. c3 Bf7 16. Nd2 Rfe8 17. Qg4 Qxg4 18. hxg4 Nd3 19. Reb1 Ne5 20. g5 Be7
21. b4 Bg6 22. Rd1 Bd6 23. N4f3 Ng4 24. Bd4 Re2 25. Nf1 Rae8 26. N1h2 Nxh2 27.
Nxh2 Bf4 28. Ng4 Bh5 29. Be3 Bxe3 30. Nxe3 R2xe3 31. fxe3 Bxd1 32. Rxd1 Rxe3
1/2-1/2

[Event "C.to Provinciale CO"]
[Site "Villa Guardia ITA"]
[Date "2000.02.25"]
[Round "7"]
[White "Rossi, Silio"]
[Black "Turcatti, Mauro"]
[Result "1/2-1/2"]
[WhiteElo "1516"]
[BlackElo "1600"]
[PlyCount "91"]
[EventDate "2000.01.14"]

1. b4 e5 2. Bb2 Bxb4 3. Bxe5 Nf6 4. h3 d5 5. Nf3 Nc6 6. Bh2 O-O 7. c3 Bd6 8. e3
Re8 9. Be2 Bxh2 10. Nxh2 Qd6 11. Nf3 Bd7 12. Qc1 Ne5 13. Qa3 Nxf3+ 14. Bxf3
Qxa3 15. Nxa3 Rad8 16. Nc2 Bf5 17. Nd4 Be4 18. Nb5 c6 19. Nd4 Bd3 20. Be2 Bxe2
21. Nxe2 c5 22. O-O Re7 23. Rfb1 b6 24. d4 cxd4 25. cxd4 Rc8 26. Rc1 Rec7 27.
Rxc7 Rxc7 28. a4 Kf8 29. Kf1 Ke7 30. Ke1 Kd7 31. Ra2 Ne4 32. f3 Nc3 33. Nxc3
Rxc3 34. Kd2 Rc4 35. Kd3 f5 36. g4 g6 37. gxf5 gxf5 38. e4 fxe4+ 39. fxe4 Ke6
40. e5 h5 41. Ra3 h4 42. Ra1 Rb4 43. Kc3 Rc4+ 44. Kd3 Rb4 45. Kc3 Rc4+ 46. Kd3
1/2-1/2

[Event "C.to Provinciale CO"]
[Site "Villa Guardia ITA"]
[Date "2000.03.03"]
[Round "8"]
[White "Bellotto, Stefano"]
[Black "Liscio, Giovanni"]
[Result "1/2-1/2"]
[WhiteElo "1701"]
[BlackElo "1816"]
[PlyCount "68"]
[EventDate "2000.01.14"]

1. d4 Nf6 2. c4 e6 3. Nc3 Bb4 4. e3 O-O 5. Bd3 b6 6. Nge2 Bb7 7. O-O d6 8. a3
Bxc3 9. bxc3 c5 10. Ng3 Nc6 11. Qe2 e5 12. d5 Na5 13. Rb1 Bc8 14. e4 Bg4 15. f3
Bd7 16. h3 Qe7 17. f4 Ne8 18. f5 f6 19. Be3 Qf7 20. Kh1 Nc7 21. Rg1 Rfb8 22.
Nf1 Kf8 23. Nd2 Ke7 24. Rb2 Rh8 25. Nf3 g5 26. Nh2 h5 27. g3 h4 28. g4 Rhb8 29.
Rgb1 Rb7 30. Nf3 Qg7 31. Nd2 Rab8 32. Qd1 Qg8 33. Qe2 Kf7 34. Bf2 Qh8 1/2-1/2

[Event "C.to Provinciale CO"]
[Site "Villa Guardia ITA"]
[Date "2000.03.03"]
[Round "8"]
[White "Bernasconi, Roberto"]
[Black "Regorda, Vittorio"]
[Result "1/2-1/2"]
[WhiteElo "1500"]
[BlackElo "1573"]
[PlyCount "118"]
[EventDate "2000.01.14"]

1. d4 Nf6 2. Nf3 e6 3. Bf4 d5 4. e3 Be7 5. Nbd2 O-O 6. Bd3 c5 7. c3 Nc6 8. h3
a6 9. Ne5 cxd4 10. exd4 Re8 11. g4 g6 12. h4 Nxe5 13. dxe5 Nd7 14. g5 Qb6 15.
Qc2 Bc5 16. Nf3 Bf8 17. h5 Bg7 18. hxg6 fxg6 19. Rxh7 Nf8 20. Rh2 Re7 21. Be3
Qc7 22. Bd4 Bd7 23. Bxg6 Nxg6 24. Qxg6 Rf8 25. Qh7+ Kf7 26. Qh5+ Kg8 27. g6 Rf5
28. Qh7+ Kf8 29. Qh3 Ke8 30. Qg3 Kd8 31. Kd2 Kc8 32. Rh7 Be8 33. Rg1 Qa5 34. a3
Qb5 35. Rb1 Qc4 36. b3 Qc7 37. Re1 Qa5 38. a4 b5 39. Bc5 Rc7 40. Bb4 Qb6 41. a5
Qc6 42. Nd4 Qd7 43. Nxf5 exf5 44. Bd6 Rc6 45. Qg5 Kb7 46. Re3 Ka8 47. Rd3 Rc8
48. Rxd5 Qe6 49. Qg2 Bc6 50. Rxg7 Bxd5 51. f3 Bxb3 52. f4+ Bd5 53. Qf2 Bb7 54.
Qd4 Qa2+ 55. Kd3 Qb1+ 56. Ke3 Qg1+ 57. Kd2 Qg2+ 58. Ke1 Qh1+ 59. Kd2 Qg2+
1/2-1/2

[Event "C.to Provinciale CO"]
[Site "Villa Guardia ITA"]
[Date "2000.03.03"]
[Round "8"]
[White "Bevilacqua, Roberto"]
[Black "Buonocore, Elio"]
[Result "1-0"]
[WhiteElo "2051"]
[BlackElo "2093"]
[PlyCount "81"]
[EventDate "2000.01.14"]

1. e4 e5 2. Bc4 Nf6 3. d3 c6 4. Nf3 Be7 5. O-O d6 6. h3 O-O 7. Re1 Nbd7 8. a4
Nc5 9. b4 Ne6 10. Bb3 h6 11. d4 exd4 12. Nxd4 Nxd4 13. Qxd4 Ne8 14. c3 Be6 15.
Bc2 Qd7 16. Bf4 Bf6 17. Qe3 Be5 18. Nd2 Bxf4 19. Qxf4 f5 20. Qh4 f4 21. Nf3 Qd8
22. Rad1 a5 23. Qxd8 Rxd8 24. Nd4 Bc4 25. Nf5 Be6 26. bxa5 g6 27. Nd4 Ng7 28.
a6 bxa6 29. Nxc6 Rd7 30. a5 Rc8 31. Ba4 Rdc7 32. Rxd6 Bf7 33. Ne5 Rxc3 34. Nxg6
Bxg6 35. Rxg6 Ra3 36. Bd7 Rc7 37. Rd1 Rxa5 38. Rxh6 Kf7 39. Bc6 Rc5 40. Bd5+
Kf8 41. Rxa6 1-0

[Event "C.to Provinciale CO"]
[Site "Villa Guardia ITA"]
[Date "2000.03.03"]
[Round "8"]
[White "Boffi, Luigi"]
[Black "Zecca, Carlo"]
[Result "1-0"]
[WhiteElo "1461"]
[BlackElo "1500"]
[PlyCount "103"]
[EventDate "2000.01.14"]

1. e4 d5 2. exd5 Qxd5 3. Nc3 Qd6 4. d4 Nf6 5. Nf3 Nc6 6. Bb5 Bd7 7. O-O a6 8.
Bxc6 Bxc6 9. Ne5 e6 10. Bg5 Be7 11. Nxc6 Qxc6 12. Ne2 O-O 13. c3 Qb5 14. Bxf6
Bxf6 15. Qc2 Rfe8 16. f4 c5 17. Rad1 Rad8 18. Rd3 Rd7 19. Rfd1 Red8 20. Ng3
cxd4 21. Ne4 Be7 22. cxd4 Qb6 23. Qf2 f5 24. Ng5 h6 25. Nf3 Rd5 26. Ne5 Bf6 27.
Kh1 Ra5 28. a3 Rb5 29. h3 Bxe5 30. fxe5 Rbd5 31. Qf4 Qc6 32. Qd2 Rc8 33. a4 Qc2
34. g4 Qxd2 35. R1xd2 f4 36. Kg2 g5 37. Kf3 Rc1 38. Rh2 b5 39. axb5 axb5 40. h4
Kg7 41. hxg5 hxg5 42. Rh5 Kg6 43. Rh8 Rc7 44. Rh2 Rdd7 45. Ke4 Rh7 46. Rdh3 f3
47. Rxh7 f2 48. Rxf2 Kxh7 49. Rf6 Rd7 50. Rxe6 Rf7 51. Rf6 Kg7 52. Rxf7+ 1-0

[Event "C.to Provinciale CO"]
[Site "Villa Guardia ITA"]
[Date "2000.03.03"]
[Round "8"]
[White "Casoli, Alfredo"]
[Black "Cairoli, Camillo"]
[Result "1-0"]
[WhiteElo "1639"]
[BlackElo "1918"]
[PlyCount "94"]
[EventDate "2000.01.14"]

1. e4 e6 2. d4 d5 3. Nd2 c5 4. c3 Nc6 5. exd5 Qxd5 6. dxc5 Nf6 7. Nb3 Qe5+ 8.
Be3 Qc7 9. Be2 e5 10. h3 Bf5 11. Nf3 Rd8 12. Qc1 Be7 13. O-O O-O 14. Rd1 Rd7
15. Rxd7 Nxd7 16. Ne1 Ncb8 17. Nc2 Nxc5 18. Nxc5 Bxc5 19. Bxc5 Qxc5 20. Qe3 Nd7
21. Qxc5 Nxc5 22. Ne3 Be4 23. Rd1 Bc6 24. Nd5 Re8 25. Nb4 Bd7 26. Nd5 Bc6 27.
Nb4 Bd7 28. Nd5 Kf8 29. f3 Rc8 30. b3 Be6 31. c4 f6 32. Kf1 Bf7 33. Nc3 a6 34.
b4 Ne6 35. c5 Nd4 36. a3 Rc6 37. Rd2 Ke7 38. Na4 f5 39. Nb6 g5 40. Bc4 Be6 41.
Bxe6 Kxe6 42. Kf2 Rc7 43. Ke3 h5 44. g4 Rh7 45. gxf5+ Kxf5 46. Nc4 Rg7 47. Nd6+
Ke6 1-0

[Event "C.to Provinciale CO"]
[Site "Villa Guardia ITA"]
[Date "2000.03.03"]
[Round "8"]
[White "Corti, Corrado"]
[Black "Gagliardi, Christian"]
[Result "0-1"]
[WhiteElo "1795"]
[BlackElo "1918"]
[PlyCount "70"]
[EventDate "2000.01.14"]

1. e4 d6 2. d4 Nf6 3. Nc3 g6 4. f4 Bg7 5. Nf3 O-O 6. Be2 c5 7. dxc5 Qa5 8. O-O
Qxc5+ 9. Kh1 Nc6 10. Qe1 Bd7 11. Bd3 Rac8 12. a3 Rfe8 13. Be3 Qa5 14. Rd1 a6
15. Qh4 b5 16. Bd2 Qb6 17. e5 dxe5 18. fxe5 Ng4 19. Ng5 Ncxe5 20. Qxh7+ Kf8 21.
Bf4 Nxd3 22. cxd3 Nf2+ 23. Rxf2 Qxf2 24. Bg3 Qf5 25. Nce4 Bc6 26. h4 Red8 27.
Re1 Rxd3 28. Kh2 Bd5 29. Nd6 Qg4 30. Nde4 Rc2 31. Rf1 Qxg3+ 32. Nxg3 Rxg2+ 33.
Kh1 Rgxg3+ 34. Nf3 Bxf3+ 35. Rxf3 Rdxf3 0-1

[Event "C.to Provinciale CO"]
[Site "Villa Guardia ITA"]
[Date "2000.03.03"]
[Round "8"]
[White "Napoli, Ferdinando"]
[Black "Petetta, Roberto"]
[Result "1-0"]
[WhiteElo "1546"]
[BlackElo "1627"]
[PlyCount "71"]
[EventDate "2000.01.14"]

1. e4 c5 2. Nf3 Nc6 3. d4 cxd4 4. Nxd4 Nf6 5. Nc3 e5 6. Ndb5 d6 7. Bg5 a6 8.
Na3 b5 9. Nd5 Be7 10. Bxf6 Bxf6 11. c3 O-O 12. Nc2 Bg5 13. Nce3 Bxe3 14. Nxe3
Kh8 15. Bd3 Ne7 16. Qc2 Be6 17. O-O-O b4 18. c4 Rc8 19. Qb3 a5 20. Kb1 Qb6 21.
Rd2 g6 22. Rhd1 f5 23. exf5 gxf5 24. Be2 Rfd8 25. g3 Rc5 26. f4 Qc6 27. fxe5
Qe4+ 28. Ka1 Qxe5 29. Bf3 f4 30. Nd5 fxg3 31. Re2 Qg5 32. Rxe6 Nxd5 33. Bxd5
gxh2 34. Qd3 Rg8 35. Rxd6 Rg6 36. Qd4+ 1-0

[Event "C.to Provinciale CO"]
[Site "Villa Guardia ITA"]
[Date "2000.03.03"]
[Round "8"]
[White "Pede, Lucio"]
[Black "Rossi, Silio"]
[Result "1-0"]
[WhiteElo "1570"]
[BlackElo "1516"]
[PlyCount "119"]
[EventDate "2000.01.14"]

1. e4 c5 2. c3 Nc6 3. d4 cxd4 4. cxd4 Nf6 5. d5 Ne5 6. f4 Ng6 7. e5 Ne4 8. Qd4
Qa5+ 9. b4 Qb6 10. Qxe4 e6 11. d6 Nh4 12. Be3 Qd8 13. Nc3 a6 14. Na4 f5 15. Qc2
Ng6 16. Nf3 Nh4 17. Ng5 Bxd6 18. exd6 Qf6 19. Rc1 O-O 20. Nb6 h6 21. Nxa8 hxg5
22. Nb6 gxf4 23. Bf2 Qe5+ 24. Qe2 Qxd6 25. Nxc8 Qxb4+ 26. Qd2 Qe4+ 27. Kd1 Nxg2
28. Bxg2 Qxg2 29. Rg1 Qf3+ 30. Ke1 Qe4+ 31. Qe2 Qb4+ 32. Kf1 Qa3 33. Qc4 Qh3+
34. Ke1 Qa3 35. Bc5 Qa5+ 36. Bb4 Qe5+ 37. Qe2 Qxe2+ 38. Kxe2 Re8 39. Nd6 Rb8
40. Rc8+ Rxc8 41. Nxc8 e5 42. Ne7+ Kf7 43. Nxf5 g6 44. Bd6 gxf5 45. Bxe5 b5 46.
h4 a5 47. h5 a4 48. h6 Ke6 49. Bxf4 Kd5 50. a3 Ke4 51. Bd6 Kd5 52. Bb4 Ke4 53.
h7 f4 54. Rg4 Kf5 55. Kf3 d5 56. h8=Q d4 57. Qxd4 Ke6 58. Rg6+ Kf7 59. Qg7+ Ke8
60. Qe7# 1-0

[Event "C.to Provinciale CO"]
[Site "Villa Guardia ITA"]
[Date "2000.03.03"]
[Round "8"]
[White "Pino, Nicola"]
[Black "Colombo, Alberto"]
[Result "0-1"]
[WhiteElo "1492"]
[BlackElo "2165"]
[PlyCount "66"]
[EventDate "2000.01.14"]

1. e4 e6 2. d4 d5 3. Nd2 Nf6 4. e5 Nfd7 5. f4 c5 6. c3 Nc6 7. Ngf3 cxd4 8. cxd4
Qb6 9. Nb3 a5 10. a4 Bb4+ 11. Kf2 f6 12. Bb5 O-O 13. Bxc6 bxc6 14. Kg3 Rb8 15.
Rb1 Ba6 16. Bd2 Bc4 17. Bxb4 Qxb4 18. Nc1 Bb3 19. Qd2 Qxd2 20. Nxd2 Bc2 21. Ra1
Rxb2 22. Nf3 c5 23. Ne2 Be4 24. Rhe1 fxe5 25. fxe5 Rb3 26. Nc1 Rbxf3+ 27. gxf3
Rxf3+ 28. Kg4 cxd4 29. Ne2 Nxe5+ 30. Kh4 g5+ 31. Kxg5 Rf5+ 32. Kh4 Nf3+ 33. Kh3
Rh5+ 0-1

[Event "C.to Provinciale CO"]
[Site "Villa Guardia ITA"]
[Date "2000.03.03"]
[Round "8"]
[White "Turcatti, Mauro"]
[Black "Corti, Filippo"]
[Result "0-1"]
[WhiteElo "1600"]
[BlackElo "1615"]
[PlyCount "86"]
[EventDate "2000.01.14"]

1. e4 c6 2. d4 d5 3. exd5 cxd5 4. c4 Nf6 5. Nc3 g6 6. Nf3 Bg7 7. Be2 Nc6 8. O-O
O-O 9. Re1 Bf5 10. Bg5 Nb4 11. Rc1 dxc4 12. Bxc4 Rc8 13. Qb3 Rxc4 14. Qxc4 Nd3
15. Red1 Nxc1 16. Rxc1 Be6 17. Qc5 b6 18. Qa3 a5 19. Ne4 Nd5 20. b3 f6 21. Bd2
Qd7 22. Nc3 Nb4 23. Na4 Nd5 24. Nc3 Kf7 25. Nxd5 Bxd5 26. Be3 Bxf3 27. gxf3 Qh3
28. Rc7 Re8 29. b4 Qxf3 30. bxa5 bxa5 31. Qxa5 Rb8 32. Qc5 Rb1+ 33. Bc1 Qg4+
34. Kf1 Qh3+ 35. Kg1 Qe6 36. Qc4 Qxc4 37. Rxc4 Bh6 38. Kg2 Rxc1 39. Rxc1 Bxc1
40. Kf3 Ke6 41. Ke4 Ba3 42. f4 f5+ 43. Kd3 Kd5 0-1